| 000 | 01928nam a2200481Ii 4500 | ||
|---|---|---|---|
| 001 | DIGAKAL0021 | ||
| 003 | NyNyDIG | ||
| 008 | 160106t20102010sp o 000 f spa d | ||
| 006 | m o d | ||
| 007 | cr ||||||||||| | ||
| 040 |
_aDGITA _beng _erda _epn _cDGITA |
||
| 020 |
_a9788446037583 _q(eBook ; _qePub) |
||
| 020 |
_a8446037580 _q(eBook ; _qePub) |
||
| 020 | _z9788446028376 | ||
| 020 | _z8446028379 | ||
| 035 | _a(OCoLC)934037790 | ||
| 041 | 1 |
_aspa _hfre |
|
| 050 | 1 | 4 | _aPQ2664.A417 eBook |
| 100 | 1 |
_aDaeninckx, Didier, _d1949- _eauthor. |
|
| 240 | 1 | 0 |
_aMeurtres pour mémoire. _lSpanish |
| 245 | 1 | 0 |
_aAsesinatos archivados / _cDidier Daeninckx ; traducción, Equipo Editorial con la colaboración de Esperanza Martínez Pérez. |
| 264 | 1 |
_aTres Cantos, Madrid, España : _bEdiciones Akal, _c[2010] |
|
| 264 | 4 | _c©2010 | |
| 300 | _a1 online resource. | ||
| 336 |
_atext _btxt _2rdacontent |
||
| 337 |
_acomputer _bc _2rdamedia |
||
| 338 |
_aonline resource _bcr _2rdacarrier |
||
| 490 | 1 |
_aAkal básica de bolsillo ; _v206 |
|
| 588 | _aOnline resource; title from ePub title page (Digitalia, viewed May 27, 2015) | ||
| 650 | 0 |
_aPolitical culture _zFrance _vFiction. |
|
| 651 | 0 |
_aFrance _xRace relations _vFiction. |
|
| 655 | 7 |
_aDetective and mystery fiction. _2lcgft |
|
| 655 | 0 | _aElectronic books. | |
| 700 | 1 |
_aMartínez Pérez, Esperanza, _etranslator. |
|
| 700 | 1 |
_iTranslation of: _aDaeninckx, Didier, _d1949- _tMeurtres pour mémoire. |
|
| 791 | 2 |
_aDigitalia (Firm), _edistributor. |
|
| 793 | 0 |
_gDigitalia eBook Collection: _aAkal. |
|
| 776 | 0 | 8 |
_iPrint version: _aDaeninckx, Didier, 1949- _sMeurtres pour mémoire. Spanish. _tAsesinatos archivados. _dTres Cantos, Madrid : Akal, [2010] _z9788446028376 _w(OCoLC)690090407 |
| 830 | 0 |
_aAkal bolsillo ; _v206. |
|
| 856 | 4 | 0 |
_3Digitalia Hispánica _uhttps://www.digitaliapublishing.com/a/27852/ |
| 910 | _aPremium Collection: 2015 | ||
| 942 | _cRAA | ||
| 999 |
_c238917 _d238917 |
||